000 00519cam a2200205ua 4500
001 7128
005 20260515114146.0
008 141126n ii |||gr||||Z||||||eng
020 _a9788126906871
040 _cMAIN
041 _aeng
082 _a371
100 _aDash, Neena,
_eAuthor.
245 1 _aInclusive education :
_bFor children with special needs /
_cBy Neena Dash .
250 _a1st.
260 _aNew Delhi:
_bAtlantic,
_c2012.
300 _avii,127p.
653 _aInclusive education
942 _cBK
999 _c6249
_d6249